The key elements of classroom management : Managing time and space , student behavior , and instructional strategies (Record no. 24010)

MARC details
000 -LEADER
fixed length control field 00649nam a22002057a 4500
003 - CONTROL NUMBER IDENTIFIER
control field OSt
005 - DATE AND TIME OF LATEST TRANSACTION
control field 20260611151445.0
008 - FIXED-LENGTH DATA ELEMENTS--GENERAL INFORMATION
fixed length control field 260611b |||||||| |||| 00| 0 eng d
020 ## - INTERNATIONAL STANDARD BOOK NUMBER
International Standard Book Number 0871207877
040 ## - CATALOGING SOURCE
Transcribing agency Chuka University Library
050 ## - LIBRARY OF CONGRESS CALL NUMBER
Classification number LB 3013
Item number .M3 2003
100 ## - MAIN ENTRY--PERSONAL NAME
Personal name McLeod, Joyce
9 (RLIN) 28624
245 ## - TITLE STATEMENT
Title The key elements of classroom management : Managing time and space , student behavior , and instructional strategies
260 ## - PUBLICATION, DISTRIBUTION, ETC.
Place of publication, distribution, etc. Virginia
Name of publisher, distributor, etc. ASCD
Date of publication, distribution, etc. 2003
300 ## - PHYSICAL DESCRIPTION
Extent i-vii, 195pp
Other physical details Illustrated
650 ## - SUBJECT ADDED ENTRY--TOPICAL TERM
Topical term or geographic name entry element Classroom Management
9 (RLIN) 11400
700 ## - ADDED ENTRY--PERSONAL NAME
Personal name Fisher, Jan
9 (RLIN) 28625
700 ## - ADDED ENTRY--PERSONAL NAME
Personal name Hoover, Ginny
9 (RLIN) 28626
942 ## - ADDED ENTRY ELEMENTS (KOHA)
Source of classification or shelving scheme Library of Congress Classification
Koha item type Long Loan Books
Suppress in OPAC No
Holdings
Withdrawn status Lost status Source of classification or shelving scheme Damaged status Not for loan Collection Home library Current library Shelving location Date acquired Source of acquisition Cost, normal purchase price Total Checkouts Full call number Barcode Date last seen Price effective from Koha item type
    Library of Congress Classification     General Collection Books Main Campus Library Main Campus Library General Stacks 11/06/2026 Donations from books from Africa 2933.95   LB 3013 .M3 2003 34075/2026 11/06/2026 11/06/2026 Long Loan Books

Powered by Koha